书目信息 |
| 题名: |
基于Xilinx FPGA的OFDM通信系统基带设计
|
|
| 作者: | 史治国 , 洪少华 , 陈抗生 编著 | |
| 分册: | ||
| 出版信息: | 杭州 浙江大学出版社 2009.03 |
|
| 页数: | 288页 | |
| 开本: | 26cm | |
| 丛书名: | ||
| 单 册: | ||
| 中图分类: | TP332.1 , TN914 | |
| 科图分类: | ||
| 主题词: | 可编程序逻辑器--ke bian cheng xu luo ji qi--系统设计 , 通信系统--tong xin xi tong--系统设计 | |
| 电子资源: | ||
| ISBN: | 978-7-308-06647-1 | |
| 000 | 01294nam0 2200325 450 | |
| 001 | 012009454378 | |
| 005 | 20090623134457.11 | |
| 010 | @a978-7-308-06647-1@dCNY38.00 (含光盘) | |
| 010 | @a978-7-89490-552-9@b光盘 | |
| 100 | @a20090623d2009 km y0chi0120 ea | |
| 101 | 0 | @achi |
| 102 | @aCN@b330000 | |
| 105 | @aak a 000yy | |
| 106 | @ar | |
| 200 | 1 | @a基于Xilinx FPGA的OFDM通信系统基带设计@Aji yu Xilinx FPGA de OFDM tong xin xi tong ji dai she ji@f史治国, 洪少华, 陈抗生编著@Fshi zhi guo,hong shao hua,chen kang sheng bian zhu |
| 210 | @a杭州@c浙江大学出版社@d2009.03 | |
| 215 | @a288页@c图@d26cm@e光盘1片 | |
| 300 | @aXilinx大学计划制定教材 | |
| 320 | @a有书目 | |
| 330 | @a本书主要内容包括:正交频分复用系统的基本原理,应用OFDM技术的一个典型协议-IEEE 802.11a协议,OFDM基带处理器总体架构等。 | |
| 512 | 1 | @a基于XILINX FPGA的OFDM通信系统基带设计@Aji yu XILINX FPGA de OFDM tong xin xi tong ji dai she ji |
| 606 | 0 | @a可编程序逻辑器@Ake bian cheng xu luo ji qi@x系统设计 |
| 606 | 0 | @a通信系统@Atong xin xi tong@x系统设计 |
| 690 | @aTP332.1@v4 | |
| 690 | @aTN914@v4 | |
| 701 | 0 | @a史治国@Ashi zhi guo@4编著 |
| 701 | 0 | @a洪少华@Ahong shao hua@4编著 |
| 701 | 0 | @a陈抗生@Achen kang sheng@4编著 |
| 801 | 0 | @aCN@bQSSK@c20090623 |
| 905 | @b744319-21@dTP332.1@eS590@f3 | |
| 基于Xilinx FPGA的OFDM通信系统基带设计/史治国, 洪少华, 陈抗生编著.-杭州:浙江大学出版社,2009.03 |
| 288页:图;26cm+光盘1片 |
| Xilinx大学计划制定教材 |
| ISBN 978-7-308-06647-1:CNY38.00 (含光盘) |
| 本书主要内容包括:正交频分复用系统的基本原理,应用OFDM技术的一个典型协议-IEEE 802.11a协议,OFDM基带处理器总体架构等。 |
| ● |
| 相关链接 |
|
|
|
正题名:基于Xilinx FPGA的OFDM通信系统基带设计
索取号:TP332.1/S590
 
预约/预借
| 序号 | 登录号 | 条形码 | 馆藏地/架位号 | 状态 | 备注 |
| 1 | 744319 | 207443195 | 自科二线400A/400A自科库 1排2列5层/ [索取号:TP332.1/S590] | 在馆 | |
| 2 | 744320 | 207443202 | 自科库301/301自科库 61排3列1层/ [索取号:TP332.1/S590] | 在馆 | |
| 3 | 744321 | 207443211 | 自科库301/301自科库 61排3列1层/ [索取号:TP332.1/S590] | 在馆 |